La valoración racional de la prueba /

Guardado en:
Autor Principal: Ferrer Beltrán, Jordi.
Otros Autores: Luadan, Larry, (prol.)
Formato: Libro
Idioma:Undetermined
Publicado: Madrid : Marcial Pons, 2007.
Edición:1a. ed.
Series:Filosofía y derecho
Materias:
Etiquetas: Agregar Etiqueta
Sin Etiquetas, Sea el primero en etiquetar este registro!
LEADER 00580nam a22001935a 4500
001 DER.der014829
008 230908s2007####sp############000#0#und#d
005 20230913090747.0
245 1 0 |a La valoración racional de la prueba /  |c Jordi Ferrer Beltran. 
250 |a 1a. ed. 
260 |a Madrid :  |b Marcial Pons,  |c 2007. 
300 |a 166 p. 
490 1 |a Filosofía y derecho 
020 |a 9788497684996 
100 1 |a Ferrer Beltrán, Jordi. 
700 1 |a Luadan, Larry,  |e prol. 
650 7 |a PRUEBA JUDICIAL 
650 7 |a RACIONALIDAD JURIDICA 
859 |a DERECHO  |b BIB. DERECHO  |h 340.1  |i FER  |p 0010215